Specifika tlumočení pro neslyšící /

Hlavní autor: Červinková Houšková, Kateřina, 1975-
Jazyk: Čeština
Vydáno: Praha : Česká komora tlumočníků znakového jazyka, c2008
Vydání: Vyd. 1.
Témata:
Fyzický popis: 1 sv. (69 s.), 1 DVD : il. ; 21 cm
Knihy
Uloženo v:
LEADER 01717nam a2200397 a 4500
001 000887380
003 CZ BrMZK
005 20090326104118.0
007 ta
008 080225s2008 xr a 000 0 cze d
015 |a cnb001793011 
020 |a 978-80-8715358-1  |q (1. díl :  |q brož.) :  |c neprodejné 
020 |a 978-80-87153-59-8  |q (2. díl :  |q DVD) :  |c neprodejné 
020 |a 978-80-87153-57-4  |q (soubor) 
035 |a (OCoLC)228781178 
040 |a BOA001  |b cze 
072 7 |a 316.3  |x Globální společnosti. Sociální struktura. Sociální skupiny  |2 Konspekt  |9 18 
080 |a 81'221.24  |2 MRF 
080 |a 81'25  |2 MRF 
080 |a (035)  |2 MRF 
100 1 |a Červinková Houšková, Kateřina,  |d 1975-  |7 js20080203037  |4 aut 
245 1 0 |a Specifika tlumočení pro neslyšící /  |c Kateřina Červinková Houšková 
250 |a Vyd. 1. 
256 |a Data (334 MB) 
260 |a Praha :  |b Česká komora tlumočníků znakového jazyka,  |c c2008 
300 |a 1 sv. (69 s.), 1 DVD :  |b il. ;  |c 21 cm 
500 |a Vydáno v rámci projektu Vyškolení lektorů a vytvoření výukových materiálů pro tlumočníky znakového jazyka, transliterátory znakované češtiny a vizualizátory mluvené češtiny 
504 |a Obsahuje bibliografii 
650 0 7 |a znaková řeč  |7 ph116781  |2 czenas 
650 0 7 |a tlumočení  |7 ph126669  |2 czenas 
655 7 |a příručky  |7 fd133209  |2 czenas 
910 2 |a BOA001  |b 2-1200.444  |b CDR-1200.445 
990 |a BK 
991 |b 200803  |c NOV 
996 6 |b 2610335793  |c 2-1200.444  |l MZK  |r Sklad / do 1 hodiny  |n 4  |p p.v.  |w 000887380  |u 000010  |a 1  |e BOA001  |j MZK50  |s P 
996 3 |b 2610335794  |c CDR-1200.445  |l Stud. periodik/2.patro  |r Sklad / do 1 hodiny  |n 0  |p p.v.  |w 000887380  |u 000020  |a 1  |e BOA001  |j MZK50  |s N